000
00286nam a22001337a 4500
008
171016b xxu||||| |||| 00| 0 eng d
020
_a
9780131039957
041
_a
eng
080
_a
33
100
_a
52
101
_a
ECO
245
_a
MODERN ECONOMICS
_c
HOGERSON.J
942
_2
udc
_c
BK
999
_c
34012
_d
34012